| 000 | 00820nam a2200253Ia 4500 | ||
|---|---|---|---|
| 003 | OSt | ||
| 005 | 20260226121257.0 | ||
| 008 | 210716s2014 xx 000 0 und d | ||
| 020 | _a9780415998000 | ||
| 040 | _cAIMIT LIBRARY | ||
| 041 | _aeng | ||
| 082 |
_a372.4 _21 _bHERJ |
||
| 100 |
_aHerrington, Jan. _9256810 |
||
| 245 |
_aGuide to authentic e learning / _cBy Jan Herrington, Thomas C Reeves and Ron Oliver. |
||
| 250 | _a1st ed. | ||
| 260 |
_aNew York : _bRoutledge , _c2014. |
||
| 300 |
_axiv,213p. ; _bPB _c22 cm |
||
| 650 |
_aWhat is authentic e-learning _9256811 |
||
| 650 |
_aHow real does authentic e-learning need to be _9256812 |
||
| 650 |
_aResearching authentic e- learning _9256813 |
||
| 700 |
_aReeves, Thomas C. _9256814 |
||
| 700 |
_aOliver, Ron. _9256815 |
||
| 942 |
_2ddc _cBK _e1st _k372.4 HERJ |
||
| 999 |
_c194903 _d194903 |
||